Reálie ČSSR a vybraných krajín francúzskej jazykovej oblasti
Gespeichert in:
| 1. Verfasser: | |
|---|---|
| Körperschaft: | |
| Weitere Verfasser: | |
| Format: | Buch |
| Sprache: | Slowakisch |
| Veröffentlicht: |
Bratislava
VŠE
1980
|
| Tags: |
Keine Tags, Fügen Sie das erste Tag hinzu!
|
MARC
| LEADER | 00000nam a2200000 4500 | ||
|---|---|---|---|
| 001 | c139566 | ||
| 005 | 20221220102607.9 | ||
| 041 | 0 | |a slo | |
| 044 | |a SK | ||
| 245 | 1 | 0 | |a Reálie ČSSR a vybraných krajín francúzskej jazykovej oblasti |c Elena Baranová, Jana Paulisová |
| 264 | 1 | |a Bratislava |b VŠE |c 1980 | |
| 300 | |a 68 s. | ||
| 100 | 1 | |a Baranová, Elena | |
| 700 | 1 | |a Paulisová, Jana | |
| 710 | 2 | |a Vysoká škola ekonomická v Bratislave. Fakulta ekonomiky služieb a cestovného ruchu v Banskej Bystrici | |